000 00546nam a2200193Ia 4500
001 18885
003 GE_BSU
008 181216s||||||||xx |||||||||||||| ||und||
040 _cGE_BSU
245 _aФармация. №4.том 65. 2016
245 _bнаучно -практический журнал
245 _cГл. ред.И.А.Самылина
260 _aМосква
260 _c2016
300 _a56стр,28см
520 _aВыходит 8 номеров в год
653 _aФармация. №4.2016
942 _cCR
999 _c51886
_d51886